Geometry Dash - Extreme Demons Starting with D (Pre-2.2) - Statistics

General Stats
  • This quiz has been taken 148 times
    11 since last reset
  • The average score is 16 of 66
Answer Stats
Publisher Answer % Correct
ViPriN Digital Descent
75%
JonathanGD Dark Odyssey
63%
EndLevel Deimos
63%
ItsHybrid Deimos
63%
Dzeser Damascus
50%
herozombie80 Deadlier Clubstep
50%
lSunix Death Corridor Z
50%
Drakosa Delta
38%
Sevant Diabolic ClubStep
38%
Enzeux Dolos
38%
KeiAs Dark Flare
25%
KiwiPenguin Decay
25%
Rustam Deception Dive
25%
MadisonYuko Decks Dark
25%
royen Dedohexdragon
25%
Wespdx Deep Bass
25%
Mojitoz Deflective
25%
TeamSmokeWeed Delebit Oblivio
25%
Platnuu Delta Interface
25%
SoDaZ Devils Disco
25%
Rustam Devil Vortex
25%
domi77 Devotion
25%
wokecat DIRECTIONS
25%
Rustam Disaster Dive
25%
YakobNugget Disentombed
25%
Multiverse55 Dismal Duststorm
25%
ewop Dismay
25%
Ka1sa Disruption
25%
alkali distraught
25%
wormfodder Doop
25%
IvashkaUA doradura
25%
Spectruh Down Bass
25%
KiwiPenguin Dreamer
25%
Kapycta999 Dreams
25%
Renn241 Dumbest Girl Alive
25%
GiggsRH Dump
25%
Zeptoz Duplication
25%
DuskerHu Dusker Processing
25%
Zeptoz Th3{Dev0n}
25%
Tinraz THE {DRIP TRIP}
25%
DrayTM Dance of the Violins
13%
fourtex Dance Til Dawn
13%
BIANOX DARKENED
13%
Flex Dark Rivalry
13%
ZenthicAlpha Daybreak
13%
Yendis Daydream
13%
Lfritz Ddiamond
13%
OnlineplaY Declassification
13%
f3lixsram Demonicat
13%
GrenadeofTacos Descent Into Exile
13%
Billzer DESOLATE
13%
bosjoker Destination 19
13%
wokecat devoid
13%
Giron Digital Disarray
13%
Davphla Diligence
13%
Davidayy Dimensional Breaking
13%
BIANOX Dimension Breaker
13%
kodex360 Disastrous Downpour
13%
GhostVandalf DMG CTRL
13%
Jeyzor Dole Damos
13%
AgarOther Draco Meteor
13%
Heretic109 Dream City
13%
TrueInverse DREAMING
13%
Gablor Dualies
13%
loogiah DubKore X
13%
GDikonic Dust Bowl
13%
No matching quizzes found
Score Distribution
Percent of People with Each Score
Percentile by Number Answered
Your Score History
You have not taken this quiz since the last reset